000 00315nam a22001337a 4500
008 170612b xxu||||| |||| 00| 0 eng d
020 _a9780130837578
041 _aeng
080 _a93
100 _a19
101 _aSHP
245 _aTHE CHALLENGE OF THE THIRD WORLD DEVELOPMENT
_cHANDELMAN, H
942 _2udc
_cBK
999 _c17030
_d17030